Naval development in developing countries a case study of the Indonesian Navy in Jokowi era
Saved in:
| Main Author: | |
|---|---|
| Corporate Author: | |
| Format: | Thesis Book |
| Language: | English |
| Series: | Tesis
Thesis |
| Subjects: | |
| Tags: |
Add Tag
No Tags, Be the first to tag this record!
|
| Call Number : | VA 667.I53 M4576 2021 |
MARC
| LEADER | 00000nam a2200000 c 4500 | ||
|---|---|---|---|
| 001 | 90626 | ||
| 003 | MY-KLNDU | ||
| 005 | 20241220003031.0 | ||
| 008 | 221104s2021 my ab abm 000 0 eng d | ||
| 039 | 9 | |a 202211041306 |b VLOAD |c 202202281608 |d azraai |y 202201041226 |z izzuddin | |
| 040 | |a UPNM |b eng |c UPNM |e rda | ||
| 090 | |a VA 667.I53 |b M4576 2021 | ||
| 100 | 0 | |a Mohd. Firdaus Abdul Rahim |e author | |
| 245 | 1 | 0 | |a Naval development in developing countries |b a case study of the Indonesian Navy in Jokowi era |c Mohd Firdaus Bin Abdul Rahim |
| 264 | 0 | |a Kuala Lumpur |b Universiti Pertahanan Nasional Malaysia |c 2021 | |
| 300 | |a xi, 72 leaves |b illustrations, maps |c 30 cm | ||
| 336 | |a text |2 rdacontent | ||
| 337 | |a unmediated |2 rdamedia | ||
| 338 | |a volume |2 rdacarrier | ||
| 490 | 0 | |a Tesis | |
| 490 | 0 | |a Thesis | |
| 502 | |a Thesis (Executive Diploma in Strategic and Defence Studies) -- Universiti Pertahanan Nasional Malaysia, 2021 | ||
| 504 | |a Includes bibliographical references | ||
| 600 | 0 | 0 | |a Joko Widodo |d 1961- |
| 610 | 1 | 0 | |a Indonesia. |b Angkatan Laut |
| 650 | 0 | |a Navies |z Indonesia | |
| 650 | 0 | |a Sea-power |z Indonesia | |
| 651 | 0 | |a Indonesia |x Strategic aspects | |
| 710 | 2 | |a Universiti Pertahanan Nasional Malaysia. |b Executive Diploma in Strategic and Defence Studies | |
| 999 | |a vtls000101732 |c 90626 |d 90626 | ||